000
00309nam a2200121 a 4500
005
20141022142007.0
008
081003s19uu xx 00 eng d
050
_a
VCD
_b
S1 2007
245
_a
Searching for lost worlds: Tutankhamen.
650
_a
VCD.
650
_a
Tutankhamen.HISTORY-FICTION
942
_c
AVM
999
_c
276554
_d
276554